[Event "DVM U14 2022"]
[Site "Kelheim GER"]
[Date "2022.12.28"]
[Round "4"]
[White "Dorendorf, Mika"]
[Black "Berresheim, Nils"]
[Result "1/2-1/2"]
[Termination "normal"]
[Board "4.2"]
[WhiteElo "1783"]
[BlackElo "1755"]
[WhiteClock "01:06:20"]
[BlackClock "00:25:18"]
[WhiteTeam "Hamburger SK von 1830 eV"]
[BlackTeam "Schachfreunde Essen-Katernberg 04/32 e. V."]
[PlyCount "84"]
[WhiteFideId "16283066"]
[BlackFideId "16246306"]
[EventCountry "GER"]
[EventRounds "7"]
[EventType "team-swiss"]
[EventDate "2022.12.26"]

1. d4 {[%clk 01:30:49]} {[%emt 00:00:11]} Nf6 {[%clk 01:30:39]} {[%emt
00:00:20]} 2. c4 {[%clk 01:31:15]} {[%emt 00:00:05]} g6 {[%clk 01:30:44]}
{[%emt 00:00:24]} 3. Nc3 {[%clk 01:31:38]} {[%emt 00:00:07]} Bg7 {[%clk
01:30:49]} {[%emt 00:00:26]} 4. e4 {[%clk 01:32:03]} {[%emt 00:00:06]} d6
{[%clk 01:30:46]} {[%emt 00:00:32]} 5. Be2 {[%clk 01:32:17]} {[%emt 00:00:16]}
O-O {[%clk 01:30:53]} {[%emt 00:00:23]} 6. h4 {[%clk 01:32:36]} {[%emt
00:00:11]} h5 {[%clk 01:26:47]} {[%emt 00:04:36]} 7. Be3 {[%clk 01:32:57]}
{[%emt 00:00:10]} Nbd7 {[%clk 01:24:29]} {[%emt 00:02:46]} 8. f3 {[%clk
01:32:29]} {[%emt 00:00:59]} c5 {[%clk 01:22:45]} {[%emt 00:02:14]} 9. d5
{[%clk 01:32:50]} {[%emt 00:00:10]} Ne5 {[%clk 01:20:54]} {[%emt 00:02:20]} 10.
Nh3 {[%clk 01:30:51]} {[%emt 00:02:29]} Rb8 {[%clk 01:13:38]} {[%emt 00:07:46]}
11. Nf2 {[%clk 01:30:08]} {[%emt 00:01:13]} a6 {[%clk 01:09:14]} {[%emt
00:04:54]} 12. a4 {[%clk 01:29:12]} {[%emt 00:01:26]} Bd7 {[%clk 01:06:15]}
{[%emt 00:03:29]} 13. g4 {[%clk 01:28:18]} {[%emt 00:01:24]} Qb6 {[%clk
00:55:14]} {[%emt 00:11:29]} 14. g5 {[%clk 01:23:28]} {[%emt 00:05:22]} Ne8
{[%clk 00:52:27]} {[%emt 00:03:16]} 15. f4 {[%clk 01:21:34]} {[%emt 00:02:25]}
Qxb2 {[%clk 00:48:57]} {[%emt 00:03:59]} 16. Bd2 {[%clk 01:19:39]} {[%emt
00:02:26]} Nf3 {[%clk 00:41:17]} {[%emt 00:08:10]} 17. Bxf3 {[%clk 01:20:05]}
{[%emt 00:00:04]} Bxc3 {[%clk 00:41:32]} {[%emt 00:00:15]} 18. Bxc3 {[%clk
01:15:53]} {[%emt 00:04:42]} Qxc3 {[%clk 00:41:56]} {[%emt 00:00:05]} 19. Kf1
{[%clk 01:16:17]} {[%emt 00:00:06]} Qxc4 {[%clk 00:40:35]} {[%emt 00:01:51]}
20. Kg2 {[%clk 01:15:37]} {[%emt 00:01:11]} Qb4 {[%clk 00:35:53]} {[%emt
00:05:12]} 21. f5 {[%clk 01:13:37]} {[%emt 00:02:30]} Qc3 {[%clk 00:33:22]}
{[%emt 00:03:00]} 22. Bxh5 {[%clk 01:12:56]} {[%emt 00:01:12]} gxh5 {[%clk
00:29:58]} {[%emt 00:03:53]} 23. Qxh5 {[%clk 01:13:20]} {[%emt 00:00:07]} Qh8
{[%clk 00:29:26]} {[%emt 00:01:02]} 24. Qf3 {[%clk 01:13:23]} {[%emt 00:00:28]}
Nc7 {[%clk 00:26:47]} {[%emt 00:03:07]} 25. h5 {[%clk 01:13:17]} {[%emt
00:00:37]} b5 {[%clk 00:22:34]} {[%emt 00:04:43]} 26. Ng4 {[%clk 01:06:34]}
{[%emt 00:07:13]} Rfc8 {[%clk 00:21:01]} {[%emt 00:02:03]} 27. g6 {[%clk
01:02:17]} {[%emt 00:04:46]} bxa4 {[%clk 00:19:00]} {[%emt 00:02:31]} 28. h6
{[%clk 00:58:07]} {[%emt 00:04:41]} Rb2 {[%clk 00:16:05]} {[%emt 00:03:25]} 29.
Kg3 {[%clk 00:52:55]} {[%emt 00:05:43]} Rb3 {[%clk 00:14:46]} {[%emt 00:01:49]}
30. h7 {[%clk 00:53:18]} {[%emt 00:00:05]} Kg7 {[%clk 00:12:00]} {[%emt
00:03:15]} 31. Ne3 {[%clk 00:52:57]} {[%emt 00:00:53]} fxg6 {[%clk 00:10:19]}
{[%emt 00:02:11]} 32. Qf4 {[%clk 00:52:01]} {[%emt 00:01:27]} gxf5 {[%clk
00:06:17]} {[%emt 00:04:31]} 33. Qh6 {[%clk 00:45:39]} {[%emt 00:06:51]} Kf7
{[%clk 00:06:39]} {[%emt 00:00:08]} 34. Qh5 {[%clk 00:45:21]} {[%emt 00:00:49]}
Kf8 {[%clk 00:06:06]} {[%emt 00:01:03]} 35. Qg5 {[%clk 00:40:17]} {[%emt
00:05:34]} Rcb8 {[%clk 00:05:05]} {[%emt 00:01:31]} 36. Rae1 {[%clk 00:38:23]}
{[%emt 00:02:23]} a3 {[%clk 00:03:55]} {[%emt 00:01:41]} 37. Kf2 {[%clk
00:37:30]} {[%emt 00:01:23]} Rb2 {[%clk 00:03:30]} {[%emt 00:00:55]} 38. Kg1
{[%clk 00:37:29]} {[%emt 00:00:30]} Rb1 {[%clk 00:02:40]} {[%emt 00:01:20]} 39.
Kf2 {[%clk 00:37:08]} {[%emt 00:00:51]} R8b2 {[%clk 00:02:35]} {[%emt
00:00:35]} 40. Kf3 {[%clk 00:37:21]} {[%emt 00:00:17]} Rxe1 {[%clk 00:01:47]}
{[%emt 00:01:19]} 41. Qh6 {[%clk 00:37:40]} {[%emt 00:00:11]} Kf7 {[%clk
00:28:08]} {[%emt 00:04:08]} 42. Qh5 {[%clk 01:06:20]} {[%emt 00:01:51]} Kf8
{[%clk 00:25:18]} {[%emt 00:03:19]} 1/2-1/2

[Event "DVM U14 2022"]
[Site "Kelheim GER"]
[Date "2022.12.28"]
[Round "4"]
[White "Goldkuhle, Collin"]
[Black "Kellner, Anton"]
[Result "1-0"]
[Termination "normal"]
[Board "4.3"]
[WhiteElo "1464"]
[BlackElo "1330"]
[WhiteClock "00:05:33"]
[BlackClock "00:30:47"]
[WhiteTeam "Schachfreunde Essen-Katernberg 04/32 e. V."]
[BlackTeam "Hamburger SK von 1830 eV"]
[PlyCount "99"]
[WhiteFideId "16271106"]
[BlackFideId "16293185"]
[EventCountry "GER"]
[EventRounds "7"]
[EventType "team-swiss"]
[EventDate "2022.12.26"]

1. e4 {[%clk 01:30:58]} {[%emt 00:00:02]} c5 {[%clk 01:30:52]} {[%emt
00:00:08]} 2. Nc3 {[%clk 01:31:25]} {[%emt 00:00:03]} e6 {[%clk 01:30:32]}
{[%emt 00:00:51]} 3. f4 {[%clk 01:31:42]} {[%emt 00:00:13]} Nc6 {[%clk
01:30:10]} {[%emt 00:00:51]} 4. Bb5 {[%clk 01:32:06]} {[%emt 00:00:06]} Nge7
{[%clk 01:29:12]} {[%emt 00:01:26]} 5. Nf3 {[%clk 01:32:11]} {[%emt 00:00:26]}
g6 {[%clk 01:26:41]} {[%emt 00:03:01]} 6. O-O {[%clk 01:32:35]} {[%emt
00:00:06]} Bg7 {[%clk 01:27:00]} {[%emt 00:00:11]} 7. Qe1 {[%clk 01:32:29]}
{[%emt 00:00:36]} O-O {[%clk 01:26:30]} {[%emt 00:00:59]} 8. Bxc6 {[%clk
01:31:35]} {[%emt 00:01:25]} bxc6 {[%clk 01:24:31]} {[%emt 00:02:28]} 9. d3
{[%clk 01:31:47]} {[%emt 00:00:19]} d5 {[%clk 01:24:02]} {[%emt 00:00:58]} 10.
Qh4 {[%clk 01:29:49]} {[%emt 00:02:28]} Ba6 {[%clk 01:13:42]} {[%emt 00:10:50]}
11. e5 {[%clk 01:24:40]} {[%emt 00:05:40]} Nf5 {[%clk 01:10:09]} {[%emt
00:04:03]} 12. Qf2 {[%clk 01:23:28]} {[%emt 00:01:41]} d4 {[%clk 01:05:14]}
{[%emt 00:05:26]} 13. Ne4 {[%clk 01:22:01]} {[%emt 00:01:58]} c4 {[%emt
00:04:02]} 14. dxc4 {[%clk 01:13:22]} {[%emt 00:09:07]} Bxc4 {[%clk 01:01:59]}
{[%emt 00:00:14]} 15. Rd1 {[%clk 01:13:42]} {[%emt 00:00:10]} Bd5 {[%clk
00:57:49]} {[%emt 00:04:40]} 16. Nc5 {[%clk 01:11:09]} {[%emt 00:03:04]} Bxf3
{[%clk 00:53:15]} {[%emt 00:05:03]} 17. Qxf3 {[%clk 01:10:51]} {[%emt
00:00:48]} Qd5 {[%clk 00:51:25]} {[%emt 00:02:20]} 18. Qxd5 {[%clk 00:56:33]}
{[%emt 00:14:47]} cxd5 {[%clk 00:51:37]} {[%emt 00:00:19]} 19. b3 {[%clk
00:46:03]} {[%emt 00:11:00]} Rfc8 {[%clk 00:49:03]} {[%emt 00:03:02]} 20. Ba3
{[%clk 00:45:18]} {[%emt 00:01:16]} Bf8 {[%clk 00:47:42]} {[%emt 00:01:51]} 21.
b4 {[%clk 00:43:59]} {[%emt 00:01:50]} Ne3 {[%clk 00:46:13]} {[%emt 00:01:58]}
22. Rd2 {[%clk 00:31:04]} {[%emt 00:13:15]} a5 {[%clk 00:45:55]} {[%emt
00:00:59]} 23. Nd7 {[%clk 00:25:28]} {[%emt 00:06:06]} Rxc2 {[%clk 00:42:54]}
{[%emt 00:03:30]} 24. Bc1 {[%clk 00:20:28]} {[%emt 00:05:31]} axb4 {[%clk
00:38:37]} {[%emt 00:04:47]} 25. Nxf8 {[%clk 00:14:24]} {[%emt 00:06:33]} Kxf8
{[%clk 00:38:17]} {[%emt 00:00:50]} 26. Rxd4 {[%clk 00:11:34]} {[%emt
00:03:20]} Nc4 {[%clk 00:30:09]} {[%emt 00:08:37]} 27. a3 {[%clk 00:02:29]}
{[%emt 00:09:36]} b3 {[%clk 00:29:13]} {[%emt 00:01:24]} 28. Rb1 {[%clk
00:01:26]} {[%emt 00:01:36]} b2 {[%clk 00:28:47]} {[%emt 00:00:55]} 29. Rxc4
{[%clk 00:01:51]} {[%emt 00:00:06]} Rxc4 {[%clk 00:28:27]} {[%emt 00:00:49]}
30. Bxb2 {[%clk 00:01:55]} {[%emt 00:00:26]} Rb8 {[%clk 00:28:42]} {[%emt
00:00:14]} 31. a4 {[%clk 00:01:45]} {[%emt 00:00:41]} Rcb4 {[%clk 00:28:53]}
{[%emt 00:00:17]} 32. Ba3 {[%clk 00:02:13]} {[%emt 00:00:06]} Kg7 {[%clk
00:28:19]} {[%emt 00:01:03]} 33. Rxb4 {[%clk 00:01:14]} {[%emt 00:01:29]} Ra8
{[%clk 00:28:32]} {[%emt 00:00:15]} 34. Bb2 {[%clk 00:01:27]} {[%emt 00:00:18]}
Kh6 {[%clk 00:28:39]} {[%emt 00:00:22]} 35. Kf2 {[%clk 00:01:43]} {[%emt
00:00:16]} Kh5 {[%clk 00:28:40]} {[%emt 00:00:29]} 36. g3 {[%clk 00:01:50]}
{[%emt 00:00:23]} Kg4 {[%clk 00:28:48]} {[%emt 00:00:21]} 37. Kg2 {[%emt
00:01:11]} Rc8 {[%clk 00:28:15]} 38. h3 {[%clk 00:02:14]} {[%emt 00:00:28]} Kh5
{[%clk 00:28:29]} {[%emt 00:00:16]} 39. g4 {[%clk 00:02:00]} {[%emt 00:00:45]}
Kh4 {[%clk 00:28:38]} {[%emt 00:00:19]} 40. Bd4 {[%clk 00:02:11]} {[%emt
00:00:20]} Rc2 {[%clk 00:28:04]} {[%emt 00:01:04]} 41. Bf2 {[%clk 00:02:36]}
{[%emt 00:00:06]} Rxf2 {[%clk 00:28:19]} {[%emt 00:00:15]} 42. Kxf2 {[%clk
00:03:02]} {[%emt 00:00:03]} Kxh3 {[%clk 00:28:42]} {[%emt 00:00:08]} 43. Kf3
{[%clk 00:03:19]} {[%emt 00:00:12]} h5 {[%clk 00:28:59]} {[%emt 00:00:13]} 44.
gxh5 {[%clk 00:03:29]} {[%emt 00:00:21]} gxh5 {[%clk 00:29:24]} {[%emt
00:00:05]} 45. a5 {[%clk 00:03:47]} {[%emt 00:00:12]} Kh2 {[%clk 00:29:40]}
{[%emt 00:00:13]} 46. a6 {[%clk 00:04:05]} {[%emt 00:00:13]} h4 {[%clk
00:30:01]} {[%emt 00:00:08]} 47. a7 {[%clk 00:04:23]} {[%emt 00:00:12]} d4
{[%clk 00:30:20]} {[%emt 00:00:11]} 48. a8=Q {[%emt 00:00:11]} h3 {[%clk
00:30:25]} {[%emt 00:00:24]} 49. Qa2 {[%clk 00:05:05]} {[%emt 00:00:07]} Kg1
{[%clk 00:30:47]} {[%emt 00:00:09]} 50. Rb1# {[%clk 00:05:33]} {[%emt
00:00:03]} 1-0

[Event "DVM U14 2022"]
[Site "Kelheim GER"]
[Date "2022.12.28"]
[Round "4"]
[White "Babychev, Mykhailo"]
[Black "Klaus, Daniel"]
[Result "1/2-1/2"]
[Termination "normal"]
[Board "4.4"]
[WhiteElo "1393"]
[BlackElo "1193"]
[WhiteClock "01:20:20"]
[BlackClock "00:10:30"]
[WhiteTeam "Hamburger SK von 1830 eV"]
[BlackTeam "Schachfreunde Essen-Katernberg 04/32 e. V."]
[PlyCount "138"]
[WhiteFideId "34637273"]
[BlackFideId "16286286"]
[EventCountry "GER"]
[EventRounds "7"]
[EventType "team-swiss"]
[EventDate "2022.12.26"]

1. d4 {[%clk 01:30:29]} {[%emt 00:00:02]} Nf6 {[%clk 01:30:45]} {[%emt
00:00:14]} 2. c4 {[%clk 01:31:19]} {[%emt 00:00:11]} e6 {[%clk 01:30:53]}
{[%emt 00:00:23]} 3. Nc3 {[%clk 01:31:38]} {[%emt 00:00:10]} Bb4 {[%clk
01:31:00]} {[%emt 00:00:23]} 4. a3 {[%clk 01:31:59]} {[%emt 00:00:08]} Bxc3
{[%clk 01:31:19]} {[%emt 00:00:11]} 5. bxc3 {[%clk 01:32:24]} {[%emt 00:00:06]}
b6 {[%clk 01:31:33]} {[%emt 00:00:16]} 6. f3 {[%clk 01:32:47]} {[%emt
00:00:07]} d5 {[%clk 01:31:05]} {[%emt 00:00:57]} 7. Bg5 {[%clk 01:32:30]}
{[%emt 00:00:48]} h6 {[%clk 01:29:10]} {[%emt 00:02:25]} 8. Bh4 {[%clk
01:32:00]} {[%emt 00:01:00]} Nbd7 {[%clk 01:28:08]} {[%emt 00:01:32]} 9. cxd5
{[%clk 01:32:08]} {[%emt 00:00:22]} exd5 {[%clk 01:28:16]} {[%emt 00:00:21]}
10. e3 {[%clk 01:31:42]} {[%emt 00:00:57]} Bb7 {[%clk 01:27:12]} {[%emt
00:01:34]} 11. Bd3 {[%clk 01:31:26]} {[%emt 00:00:46]} Qe7 {[%clk 01:24:10]}
{[%emt 00:03:32]} 12. Qd2 {[%emt 00:01:15]} O-O {[%clk 01:20:38]} {[%emt
00:04:00]} 13. Ne2 {[%clk 01:30:42]} {[%emt 00:00:31]} Rfe8 {[%clk 01:19:49]}
{[%emt 00:01:18]} 14. Bf2 {[%clk 01:30:55]} {[%emt 00:00:17]} Rac8 {[%clk
01:03:12]} {[%emt 00:17:08]} 15. O-O {[%clk 01:31:00]} {[%emt 00:00:25]} c5
{[%clk 01:01:00]} {[%emt 00:02:41]} 16. Ng3 {[%clk 01:30:54]} {[%emt 00:00:37]}
cxd4 {[%clk 00:59:05]} {[%emt 00:02:25]} 17. cxd4 {[%clk 01:31:10]} {[%emt
00:00:13]} Nb8 {[%clk 00:55:18]} {[%emt 00:04:18]} 18. a4 {[%clk 01:31:08]}
{[%emt 00:00:32]} Ba6 {[%clk 00:55:11]} {[%emt 00:00:37]} 19. a5 {[%clk
01:30:01]} {[%emt 00:01:36]} Bxd3 {[%clk 00:51:09]} {[%emt 00:04:32]} 20. Qxd3
{[%clk 01:30:13]} {[%emt 00:00:18]} Nc6 {[%clk 00:50:03]} {[%emt 00:01:36]} 21.
axb6 {[%clk 01:29:21]} {[%emt 00:01:22]} axb6 {[%clk 00:48:30]} {[%emt
00:02:03]} 22. Rab1 {[%clk 01:29:35]} {[%emt 00:00:15]} Nd7 {[%clk 00:40:45]}
{[%emt 00:08:15]} 23. Rb5 {[%clk 01:27:41]} {[%emt 00:02:23]} Qe6 {[%clk
00:40:00]} {[%emt 00:01:16]} 24. Ne2 {[%clk 01:27:28]} {[%emt 00:00:44]} Ne7
{[%clk 00:39:15]} {[%emt 00:01:16]} 25. Nf4 {[%clk 01:27:18]} {[%emt 00:00:40]}
Qc6 {[%clk 00:32:01]} {[%emt 00:07:44]} 26. Qb3 {[%clk 01:27:05]} {[%emt
00:00:41]} Qc4 {[%clk 00:31:00]} {[%emt 00:01:32]} 27. Nxd5 {[%clk 01:27:22]}
{[%emt 00:00:14]} Nxd5 {[%clk 00:24:54]} {[%emt 00:06:36]} 28. Qxc4 {[%clk
01:27:37]} {[%emt 00:00:15]} Rxc4 {[%clk 00:24:41]} {[%emt 00:00:41]} 29. Rxd5
{[%clk 01:28:06]} {[%emt 00:00:02]} Nf6 {[%clk 00:24:03]} {[%emt 00:01:08]} 30.
Rb5 {[%clk 01:28:21]} {[%emt 00:00:15]} Re6 {[%clk 00:23:16]} {[%emt 00:01:18]}
31. Rfb1 {[%clk 01:28:22]} {[%emt 00:00:27]} Rec6 {[%clk 00:23:10]} {[%emt
00:00:35]} 32. h3 {[%clk 01:27:39]} {[%emt 00:01:16]} Nd7 {[%clk 00:21:30]}
{[%emt 00:02:08]} 33. Rd1 {[%clk 01:25:57]} {[%emt 00:02:12]} Rc2 {[%clk
00:20:07]} {[%emt 00:01:55]} 34. d5 {[%clk 01:23:22]} {[%emt 00:03:05]} R6c3
{[%clk 00:19:03]} {[%emt 00:01:34]} 35. Rdb1 {[%clk 01:21:52]} {[%emt
00:01:59]} Ra2 {[%clk 00:17:57]} {[%emt 00:01:36]} 36. R5b2 {[%clk 01:21:23]}
{[%emt 00:00:56]} Ra6 {[%clk 00:17:45]} {[%emt 00:00:45]} 37. e4 {[%clk
01:21:34]} {[%emt 00:00:19]} Kf8 {[%clk 00:15:59]} {[%emt 00:02:16]} 38. Bxb6
{[%clk 01:21:17]} {[%emt 00:00:47]} Nxb6 {[%clk 00:15:33]} {[%emt 00:00:56]}
39. Rxb6 {[%clk 01:21:26]} {[%emt 00:00:22]} Ra2 {[%clk 00:15:45]} {[%emt
00:00:17]} 40. R6b2 {[%clk 01:21:26]} {[%emt 00:00:29]} Rc1 {[%clk 00:14:42]}
{[%emt 00:01:34]} 41. Rxc1 {[%clk 01:21:41]} {[%emt 00:00:16]} Rxb2 {[%clk
00:15:10]} {[%emt 00:00:01]} 42. Rd1 {[%clk 01:22:04]} {[%emt 00:00:07]} Ke7
{[%clk 00:15:18]} {[%emt 00:00:22]} 43. Kh2 {[%clk 01:22:04]} {[%emt 00:00:30]}
g5 {[%clk 00:15:29]} {[%emt 00:00:19]} 44. Kg3 {[%clk 01:22:18]} {[%emt
00:00:16]} f6 {[%clk 00:15:35]} {[%emt 00:00:24]} 45. Rc1 {[%clk 01:21:33]}
{[%emt 00:01:16]} h5 {[%clk 00:15:37]} {[%emt 00:00:28]} 46. Rc7 {[%clk
01:21:03]} {[%emt 00:00:59]} Ke8 {[%clk 00:14:52]} {[%emt 00:01:16]} 47. h4
{[%clk 01:18:58]} {[%emt 00:02:35]} gxh4 {[%clk 00:13:57]} {[%emt 00:01:25]}
48. Kh3 {[%clk 01:19:05]} {[%emt 00:00:23]} Rb1 {[%clk 00:13:41]} {[%emt
00:00:46]} 49. Kxh4 {[%clk 01:18:49]} {[%emt 00:00:46]} Rh1 {[%clk 00:13:46]}
{[%emt 00:00:24]} 50. Kg3 {[%clk 01:19:03]} {[%emt 00:00:16]} h4 {[%clk
00:14:08]} {[%emt 00:00:08]} 51. Kf4 {[%clk 01:17:52]} {[%emt 00:01:41]} Rh2
{[%clk 00:14:14]} {[%emt 00:00:23]} 52. Rh7 {[%clk 01:18:09]} {[%emt 00:00:13]}
Kf8 {[%clk 00:14:18]} {[%emt 00:00:27]} 53. d6 {[%clk 01:18:21]} {[%emt
00:00:19]} Rxg2 {[%clk 00:14:18]} {[%emt 00:00:29]} 54. d7 {[%clk 01:17:19]}
{[%emt 00:01:32]} Rd2 {[%clk 00:14:29]} {[%emt 00:00:19]} 55. d8=Q {[%clk
01:17:12]} {[%emt 00:00:38]} Rxd8 {[%clk 00:14:49]} {[%emt 00:00:09]} 56. Rh8
{[%clk 01:17:34]} {[%emt 00:00:08]} Ke7 {[%clk 00:15:11]} {[%emt 00:00:09]} 57.
Rxd8 {[%clk 01:17:59]} {[%emt 00:00:04]} Kxd8 {[%clk 00:15:30]} {[%emt
00:00:11]} 58. Kg4 {[%clk 01:18:29]} Ke7 {[%emt 00:00:59]} 59. Kxh4 {[%clk
01:18:45]} {[%emt 00:00:12]} Ke6 {[%emt 00:00:55]} 60. Kg4 {[%clk 01:18:16]}
{[%emt 00:01:00]} Ke5 {[%clk 00:14:26]} {[%emt 00:00:40]} 61. Kg3 {[%clk
01:18:04]} {[%emt 00:00:42]} f5 {[%clk 00:14:01]} {[%emt 00:00:55]} 62. exf5
{[%clk 01:18:19]} {[%emt 00:00:16]} Kxf5 {[%clk 00:14:24]} 63. f4 {[%clk
01:18:41]} {[%emt 00:00:15]} Kf6 {[%emt 00:05:17]} 64. Kg4 {[%clk 01:19:10]}
Kg6 {[%clk 00:09:39]} {[%emt 00:00:29]} 65. f5 {[%clk 01:19:26]} {[%emt
00:00:14]} Kf6 {[%clk 00:09:52]} {[%emt 00:00:17]} 66. Kf4 {[%clk 01:19:47]}
{[%emt 00:00:08]} Kf7 {[%clk 00:10:16]} {[%emt 00:00:07]} 67. Ke5 {[%clk
01:19:54]} {[%emt 00:00:23]} Ke7 {[%clk 00:10:13]} {[%emt 00:00:32]} 68. f6
{[%clk 01:20:13]} {[%emt 00:00:11]} Kf8 {[%clk 00:10:17]} {[%emt 00:00:25]} 69.
Ke6 {[%clk 01:20:20]} {[%emt 00:00:24]} Ke8 {[%clk 00:10:30]} {[%emt 00:00:17]}
1/2-1/2

[Event "DVM U14 2022"]
[Site "Kelheim GER"]
[Date "2022.12.28"]
[Round "4"]
[White "Möller, Maurin"]
[Black "Zhang, Yibo"]
[Result "1-0"]
[Termination "normal"]
[Board "5.1"]
[WhiteElo "1998"]
[BlackElo "1537"]
[WhiteClock "01:05:50"]
[BlackClock "00:57:15"]
[WhiteTeam "SK Blauer Springer Paderborn 1926 e. V."]
[BlackTeam "SV Stuttgart-Wolfbusch 1956 e.V."]
[PlyCount "63"]
[WhiteFideId "16265696"]
[BlackFideId "16287657"]
[EventCountry "GER"]
[EventRounds "7"]
[EventType "team-swiss"]
[EventDate "2022.12.26"]

1. e4 {[%clk 01:30:57]} {[%emt 00:00:03]} e5 {[%clk 01:30:53]} {[%emt
00:00:07]} 2. Nf3 {[%clk 01:31:19]} {[%emt 00:00:08]} Nc6 {[%clk 01:31:18]}
{[%emt 00:00:05]} 3. d4 {[%clk 01:31:37]} {[%emt 00:00:13]} exd4 {[%clk
01:31:42]} {[%emt 00:00:06]} 4. Bc4 {[%clk 01:31:56]} {[%emt 00:00:11]} Nf6
{[%clk 01:32:04]} {[%emt 00:00:08]} 5. e5 {[%clk 01:32:13]} {[%emt 00:00:13]}
d5 {[%clk 01:32:27]} {[%emt 00:00:07]} 6. Bb5 {[%clk 01:32:34]} {[%emt
00:00:09]} Ne4 {[%clk 01:32:51]} {[%emt 00:00:05]} 7. Nxd4 {[%clk 01:32:56]}
{[%emt 00:00:08]} Bc5 {[%clk 01:33:14]} {[%emt 00:00:07]} 8. Be3 {[%clk
01:33:17]} {[%emt 00:00:09]} O-O {[%clk 01:32:08]} {[%emt 00:01:36]} 9. Bxc6
{[%clk 01:28:43]} {[%emt 00:05:04]} bxc6 {[%clk 01:32:21]} {[%emt 00:00:17]}
10. O-O {[%clk 01:26:30]} {[%emt 00:02:43]} Bd7 {[%clk 01:29:20]} {[%emt
00:03:31]} 11. f3 {[%clk 01:26:04]} {[%emt 00:00:55]} Ng5 {[%clk 01:29:14]}
{[%emt 00:00:36]} 12. f4 {[%clk 01:26:16]} {[%emt 00:00:19]} Ne4 {[%clk
01:29:29]} {[%emt 00:00:16]} 13. Nd2 {[%clk 01:25:40]} {[%emt 00:01:05]} f6
{[%clk 01:28:20]} {[%emt 00:01:39]} 14. Nxe4 {[%clk 01:13:32]} {[%emt
00:12:37]} dxe4 {[%clk 01:27:57]} {[%emt 00:00:53]} 15. Qe2 {[%clk 01:12:20]}
{[%emt 00:01:42]} Qe7 {[%clk 01:24:13]} {[%emt 00:04:14]} 16. Qc4 {[%clk
01:09:58]} {[%emt 00:02:52]} Kh8 {[%clk 01:24:25]} {[%emt 00:00:18]} 17. Kh1
{[%clk 01:09:50]} {[%emt 00:00:38]} fxe5 {[%clk 01:03:45]} {[%emt 00:21:10]}
18. Nxc6 {[%clk 01:09:20]} {[%emt 00:01:00]} Bxc6 {[%clk 01:04:06]} {[%emt
00:00:09]} 19. Bxc5 {[%clk 01:07:40]} {[%emt 00:02:10]} Qf7 {[%clk 01:04:04]}
{[%emt 00:00:32]} 20. Qa6 {[%clk 01:05:27]} {[%emt 00:02:43]} Qe8 {[%clk
01:04:22]} {[%emt 00:00:12]} 21. Bxf8 {[%clk 01:04:12]} {[%emt 00:01:45]} Bb5
{[%clk 01:04:42]} {[%emt 00:00:09]} 22. Qb7 {[%clk 01:04:16]} {[%emt 00:00:26]}
Bxf1 {[%clk 01:01:55]} {[%emt 00:03:18]} 23. Bxg7 {[%clk 01:04:29]} {[%emt
00:00:17]} Kxg7 {[%clk 01:00:00]} {[%emt 00:02:23]} 24. Qxc7 {[%clk 01:04:54]}
{[%emt 00:00:07]} Kh8 {[%clk 00:57:20]} {[%emt 00:03:10]} 25. Rxf1 {[%clk
01:04:56]} {[%emt 00:00:27]} exf4 {[%clk 00:57:39]} {[%emt 00:00:11]} 26. Qc3
{[%clk 01:04:57]} {[%emt 00:00:29]} Kg8 {[%clk 00:57:51]} {[%emt 00:00:19]} 27.
Rxf4 {[%clk 01:05:20]} {[%emt 00:00:07]} Qd7 {[%clk 00:56:52]} {[%emt
00:01:28]} 28. h3 {[%clk 01:05:24]} {[%emt 00:00:26]} Re8 {[%clk 00:57:08]}
{[%emt 00:00:15]} 29. Rg4 {[%clk 01:05:23]} {[%emt 00:00:32]} Kf8 {[%clk
00:56:59]} {[%emt 00:00:38]} 30. Qf6 {[%clk 01:05:32]} {[%emt 00:00:21]} Qf7
{[%clk 00:57:25]} {[%emt 00:00:05]} 31. Qh6 {[%clk 01:05:34]} {[%emt 00:00:28]}
Ke7 {[%clk 00:57:15]} {[%emt 00:00:40]} 32. Rg7 {[%clk 01:05:50]} {[%emt
00:00:14]} 1-0